Indigenous people incorporated?. Culture as politics, culture as propety in pharmaceutical bioprospecting
Shranjeno v:
| Glavni avtor: | |
|---|---|
| Format: | Texto |
| Izdano: |
s.l:
The Wenner-Green Foundation for Anthropological Research
|
| Teme: | |
| Oznake: |
Označite
Brez oznak, prvi označite!
|
MARC
| LEADER | 00000 a a2200000 04500 | ||
|---|---|---|---|
| 001 | 32890 | ||
| 003 | |||
| 040 | |||
| 090 | |a 205300 | ||
| 100 | |a Greene, Shane | ||
| 245 | |a Indigenous people incorporated?. Culture as politics, culture as propety in pharmaceutical bioprospecting | ||
| 260 | |a s.l: |b The Wenner-Green Foundation for Anthropological Research | ||
| 300 | |a pp. 211-236 | ||
| 500 | |a Publicado en: Current Anthropology, vol 45 n° April 2004 | ||
| 650 | |a POBLACION INDIGENA | ||
| 650 | |a IDENTIDAD CULTURAL | ||
| 650 | |a EXPLORACION DE RECURSOS | ||
| 650 | |a CULTURAL POLITICO | ||
| 650 | |a PROPIEDAD PRIVADA | ||
| 650 | |a BIODIVERSIDAD | ||
| 650 | |a PERU | ||
| 999 | |c 6119 |d 6119 | ||
